[Event "CAN-ch U10 Girls"]
[Site "Vancouver"]
[Date "2012.07.06"]
[Round "7"]
[White "Pulfer, Rachel"]
[Black "Lemieux, Gabrielle"]
[Result "1-0"]
[WhiteElo "791"]
[BlackElo "579"]
[PlyCount "41"]
[EventDate "2012.07.03"]
[EventType "swiss"]
[EventRounds "7"]
[EventCountry "CAN"]
[SourceTitle "EXT 2022"]
[Source "ChessBase"]
[SourceDate "2021.10.06"]
[SourceVersion "1"]
[SourceVersionDate "2021.10.06"]
[SourceQuality "1"]

1. e4 e5 2. Nf3 Nc6 3. Nc3 Nf6 4. Bc4 Bb4 5. d3 Bxc3+ 6. bxc3 Na5 7. Bb3 Nc6 8. Ng5 h6 9. Nxf7 Qe7 10. Nxh8 Na5 11. Ng6 Qd6 12. 0-0 Nxb3 13. axb3 Qc5 14. Bd2 a5 15. b4 a4 16. bxc5 a3 17. Qb1 d5 18. cxd6 cxd6 19. Qb3 Kd7 20. Rxa3 Rxa3 21. Qxa3 1-0